| 000 | 00797nam a2200229 a 4500 | ||
|---|---|---|---|
| 999 |
_c2320 _d2320 |
||
| 001 | 2320 | ||
| 003 | BD-JhCC | ||
| 005 | 20171101100730.0 | ||
| 008 | 171101s2010 bg |||| ||a| 000 0 ben d | ||
| 020 | _a9789848866030 | ||
| 035 | _a(BD-JhCC)2320 | ||
| 040 |
_aBD-JhCC _dBD-JhCC |
||
| 041 | _aben | ||
| 082 |
_a891.44309 _bSJM 2010 |
||
| 245 |
_aশহীদুল জহির স্মারক গ্রন্হ / _cমোহাম্মদ আবদুর রশীদ সম্পাদনা |
||
| 260 |
_aঢাকা : _bপাঠক সমাবেশ প্রকাশনী, _c২০১০. |
||
| 300 |
_a732 p. : _bill. ; _c21 cm. |
||
| 650 |
_aAuthors, Bengali _zBangladesh |
||
| 700 | _aরশীদ, মোহাম্মদ আবদুর | ||
| 942 |
_2ddc _cBK |
||